| 000 | 00908cab a2200229 4500 | ||
|---|---|---|---|
| 001 | L130058 | ||
| 008 | 050620n2005 000 0 eng u | ||
| 035 | _a(Sirsi) u130058 | ||
| 041 | _aeng | ||
| 100 | _aMurdoch, John | ||
| 245 | _aCause and effect | ||
| 260 | _c2005 | ||
| 490 |
_aEstates Gazette _v(0523) 11 June 2005, 139(1) |
||
| 520 | _aDiscusses the issue of agent's commission in relation to case law. Agent's commission is usually based the effective cause principle where the sale has been effected by an agent. Argues that careful drafting of business terms may secure commission without this. | ||
| 590 | _aIKA130058 | ||
| 650 | _aBERNARD THORPE AND PARTNERS V SNOOK | ||
| 650 | _aBARNARD MARCUS AND CO V ASHRAF | ||
| 650 | _aBRIAN COOPER AND CO V FAIRVIEW ESTATES (INVESTMENTS) LTD | ||
| 650 | _aFAVERMEAD LTD V FPD SAVILLS LTD | ||
| 690 | _aPROPERTY-PROPERTY AGENCY | ||
| 942 | _n0 | ||
| 999 |
_c75426 _d75426 |
||